00700nam a2200193 a 450000100100000000500170001000800410002704000250006808200160009310000290010924500760013826000470021430000270026150000430028870000290033104900090036095201200036999900170048900002488720200930023429.0110207s1950 ht r 000 0 hat d aDO-SdBNPbspacBNPHU axxxxbS231p1 aSt.-Louis, Carlos95107810aPanorama de la poesie haitienne /ccarlos St.-Louis , Maurice A. Lubin. aPuerto Principe :bHenri Deschamps,c1950. avi, 635 p. ;c20.5 cm. aIncluye notas al pie de las páginas.1 aLubin, Maurice A.951079 aBNGR 001054708MOaGRbGRcCTd2011-02-07iLF1l0oxxxx S231pp24887-10r2020-06-25w2020-06-25y4ZPréstamo en sala c24380d24380